Automatización de procesos industriales utilizando la teoría de control robusto con incertidumbres no estructuradas

Guardat en:
Dades bibliogràfiques
Autor principal: Loría Martínez, Guillermo A
Format: Llibre
Publicat: [San José, Costa Rica] : Universidad de Costa Rica, Facultad de Ingeniería, Instituto de Investigaciones en Ingeniería, Escuela de Ingeniería Eléctrica 2002
Etiquetes: Afegir etiqueta
Sense etiquetes, Sigues el primer a etiquetar aquest registre!

MARC

LEADER 00000nam a2200000Ia 4500
003 PI0075
005 20231103153909.0
008 140116s1998 c a 000 ||s d
040 |c cru CEDI 
090 |a PI-75 
100 |a Loría Martínez, Guillermo A  |9 13409 
245 |a Automatización de procesos industriales utilizando la teoría de control robusto con incertidumbres no estructuradas 
260 |a [San José, Costa Rica] : Universidad de Costa Rica, Facultad de Ingeniería, Instituto de Investigaciones en Ingeniería, Escuela de Ingeniería Eléctrica  |c 2002 
500 |a Informe Parcial (febrero 1998) Proyecto 731-97-311 Informe Final (abril 2002) Proyecto 731-97-311 
942 |c PI  |h PI-75  |i PI0075  |6 PI_75_PI0075 
999 |c 13220  |d 13220